<?xml version="1.0" encoding="UTF-8"?>
<collection xmlns="http://www.loc.gov/MARC21/slim">
 <record>
  <leader>04937nam a2200349 a 4500</leader>
  <controlfield tag="001">kal3142</controlfield>
  <controlfield tag="003">Gr-AtHEAL</controlfield>
  <controlfield tag="005">20160422102004.0</controlfield>
  <controlfield tag="006">m        d        </controlfield>
  <controlfield tag="008">160413s2015    gr      s           gre|c</controlfield>
  <datafield tag="020" ind1=" " ind2=" ">
   <subfield code="a">9789606032639</subfield>
  </datafield>
  <datafield tag="040" ind1=" " ind2=" ">
   <subfield code="a">GR-AtHEAL</subfield>
   <subfield code="b">gre</subfield>
   <subfield code="c">GR-AtHEAL</subfield>
  </datafield>
  <datafield tag="082" ind1="0" ind2="4">
   <subfield code="a">618</subfield>
   <subfield code="2">23</subfield>
  </datafield>
  <datafield tag="100" ind1="1" ind2=" ">
   <subfield code="a">Αντωνίου, Αριστείδης-Απόστολος.</subfield>
   <subfield code="8">641</subfield>
  </datafield>
  <datafield tag="245" ind1="1" ind2="0">
   <subfield code="a">Απεικονιστική προσέγγιση των παθήσεων της γυναικείας πυέλου</subfield>
   <subfield code="h">[Ηλεκτρονικός πόρος] </subfield>
   <subfield code="c">Αντωνίου, Αριστείδης-Απόστολος ;  Μποργιώτη, Χάρις ; Μουλοπούλου, Λία Ευαγγελία ; Κριτικός αναγνώστης,Πανουργιά, Ευαγγελία ; Τεχνική επιμέλεια,Χατζής, Ευαγγελός ; Γλωσσική επιμέλεια,Κλαδά, Νεκταρία.</subfield>
  </datafield>
  <datafield tag="260" ind1=" " ind2=" ">
   <subfield code="a">Αθήνα :</subfield>
   <subfield code="b">Σύνδεσμος Ελληνικών Ακαδημαϊκών Βιβλιοθηκών,</subfield>
   <subfield code="c">c2015.</subfield>
  </datafield>
  <datafield tag="490" ind1=" " ind2=" ">
   <subfield code="a">Ακαδημαϊκά Ηλεκτρονικά Συγγράμματα και Βοηθήματα Κάλλιπος</subfield>
   <subfield code="8">40</subfield>
  </datafield>
  <datafield tag="520" ind1=" " ind2=" ">
   <subfield code="a">Στόχο του παρόντος συγγράμματος αποτελεί η εξοικείωση των νέων ιατρών τόσο σε προπτυχιακό επίπεδο όσο και σε επίπεδο ειδικότητας και μεταπτυχιακής εκπαίδευσης με τις σύγχρονες μεθόδους απεικόνισης των έσω γεννητικών οργάνων του θήλεος, με τις βασικές γνώσεις ακτινοανατομίας των οργάνων της γυναικείας πυέλου, τις συνηθέστερες γυναικολογικές παθήσεις και τους αλγόριθμους διαγνωστικής προσέγγισης και διαχείρισης των ασθενών με παθολογικά απεικονιστικά ευρήματα. Καθώς ο ρόλος της απεικόνισης, ιδιαίτερα τα τελευταία χρόνια με την ραγδαία βελτίωση του τεχνολογικού εξοπλισμού, βαίνει διαρκώς αυξανόμενος στη κλινική πρακτική, καθίσταται αναγκαία η χρήση μιας κοινής γλώσσας επικοινωνίας μεταξύ των κλινικών ιατρών και των ακτινολόγων. Στο παρόν σύγγραμμα θα γίνει ιδιαίτερη μνεία στην ορολογία που χρησιμοποιείται για την ερμηνεία των ακτινολογικών εικόνων, με σκοπό την εξοικείωση των νεαρών ιατρών, ήδη από το προπτυχιακό επίπεδο, με τις ακτινολογικές εκθέσεις, ώστε να αποφεύγονται τυχόν παρερμηνείες. Έμφαση θα δοθεί στις ερωτήσεις αυτοαξιολόγησης στο τέλος κάθε κεφαλαίου καθώς και στο τελικό κεφάλαιο (30 επιλεγμένα περιστατικά γυναικολογικών παθήσεων), όπου ο κάθε φοιτητής θα κληθεί να απαντήσει σε μια σειρά διαδραστικών ερωτήσεων που αφορούν συνήθεις παθολογικές ή και μη καταστάσεις της γυναικείας πυέλου. Σκοπός είναι διαβάζοντας το βιβλίο ο νεαρός φοιτητής, στο τέλος κάθε κεφαλαίου να εμπεδώσει ένα ουσιαστικό μήνυμα που θα του χρησιμεύσει στην καθημερινή κλινική πρακτική.</subfield>
  </datafield>
  <datafield tag="650" ind1=" " ind2="0">
   <subfield code="a">Pelvis</subfield>
   <subfield code="8">2239</subfield>
  </datafield>
  <datafield tag="650" ind1=" " ind2="0">
   <subfield code="a">Generative organs, female atlases</subfield>
   <subfield code="8">2241</subfield>
  </datafield>
  <datafield tag="653" ind1=" " ind2=" ">
   <subfield code="a">Απεικονιστικές μέθοδοι</subfield>
  </datafield>
  <datafield tag="653" ind1=" " ind2=" ">
   <subfield code="a">Γυναικεία πύελος</subfield>
  </datafield>
  <datafield tag="653" ind1=" " ind2=" ">
   <subfield code="a">Γυναικολογικός καρκίνος</subfield>
  </datafield>
  <datafield tag="653" ind1=" " ind2=" ">
   <subfield code="a">Επιστήμες υγείας</subfield>
  </datafield>
  <datafield tag="700" ind1="1" ind2=" ">
   <subfield code="a">Μπουργιώτη, Χάρις</subfield>
   <subfield code="e">Συγγραφέας</subfield>
   <subfield code="8">642</subfield>
  </datafield>
  <datafield tag="700" ind1="1" ind2=" ">
   <subfield code="a">Μουλοπούλου, Λία Ευαγγελία</subfield>
   <subfield code="e">Συγγραφέας</subfield>
   <subfield code="8">643</subfield>
  </datafield>
  <datafield tag="700" ind1="1" ind2=" ">
   <subfield code="a">Πανουργιά, Ευαγγελία</subfield>
   <subfield code="e">Κριτικός αναγνώστης</subfield>
   <subfield code="8">644</subfield>
  </datafield>
  <datafield tag="856" ind1="4" ind2="0">
   <subfield code="u">http://hdl.handle.net/11419/3142</subfield>
   <subfield code="z">Πλήρες Κείμενο - Full text</subfield>
  </datafield>
  <datafield tag="907" ind1=" " ind2=" ">
   <subfield code="a">.b25680262</subfield>
   <subfield code="b">12-06-18</subfield>
   <subfield code="c">29-07-16</subfield>
  </datafield>
  <datafield tag="949" ind1=" " ind2=" ">
   <subfield code="0">0</subfield>
   <subfield code="1">0</subfield>
   <subfield code="2">ddc</subfield>
   <subfield code="4">0</subfield>
   <subfield code="6">618_000000000000000_ΑΝΤ</subfield>
   <subfield code="7">0</subfield>
   <subfield code="8">KALL</subfield>
   <subfield code="8">785</subfield>
   <subfield code="d">2016-04-13</subfield>
   <subfield code="r">2016-04-13</subfield>
   <subfield code="w">2016-04-13</subfield>
   <subfield code="z">618 ΑΝΤ</subfield>
   <subfield code="o">SEAB KALLIPOS</subfield>
  </datafield>
  <datafield tag="998" ind1=" " ind2=" ">
   <subfield code="a">80</subfield>
   <subfield code="a">01</subfield>
   <subfield code="a">02</subfield>
   <subfield code="a">03</subfield>
   <subfield code="a">04</subfield>
   <subfield code="a">05</subfield>
   <subfield code="a">06</subfield>
   <subfield code="a">07</subfield>
   <subfield code="a">08</subfield>
   <subfield code="a">09</subfield>
   <subfield code="a">10</subfield>
   <subfield code="a">11</subfield>
   <subfield code="a">12</subfield>
   <subfield code="a">13</subfield>
   <subfield code="a">14</subfield>
   <subfield code="a">15</subfield>
   <subfield code="a">16</subfield>
   <subfield code="a">17</subfield>
   <subfield code="a">18</subfield>
   <subfield code="a">19</subfield>
   <subfield code="a">20</subfield>
   <subfield code="a">21</subfield>
   <subfield code="a">22</subfield>
   <subfield code="a">23</subfield>
   <subfield code="a">24</subfield>
   <subfield code="a">25</subfield>
   <subfield code="a">26</subfield>
   <subfield code="b">16-05-17</subfield>
   <subfield code="c">m</subfield>
   <subfield code="d">z  </subfield>
   <subfield code="e">-</subfield>
   <subfield code="f">gre</subfield>
   <subfield code="g">gr </subfield>
   <subfield code="h">0</subfield>
  </datafield>
  <datafield tag="942" ind1=" " ind2=" ">
   <subfield code="2">ddc</subfield>
   <subfield code="c">KALLIPOS</subfield>
  </datafield>
 </record>
</collection>
